Setting boundaries (Record no. 74940)

MARC details
000 -LEADER
fixed length control field 01007cam a2200205 4500
001 - CONTROL NUMBER
control field ABS68826
008 - FIXED-LENGTH DATA ELEMENTS--GENERAL INFORMATION
fixed length control field 050317n2005 000 0 eng u
035 ## - SYSTEM CONTROL NUMBER
System control number (Sirsi) u129086
100 ## - MAIN ENTRY--PERSONAL NAME
Personal name Levy, S.
245 ## - TITLE STATEMENT
Title Setting boundaries
260 ## - PUBLICATION, DISTRIBUTION, ETC.
Date of publication, distribution, etc. 2005
490 ## - SERIES STATEMENT
Series statement Solicitors' Journal Expert Witness Supplement
Volume/sequential designation (Winter 2005), 15-16(2)
520 ## - SUMMARY, ETC.
Summary, etc. Describes the requirements of a chartered building surveyor acting as expert witness. Includes the different spheres of expertise that the surveyor may be involved in and the RICS guidelines that its members comply with. These are the RICS practice statement and guidance note "Surveyors acting as expert witnesses" (ISBN 0854069607) and the requirements of Civil Procedure Rules 35.
590 ## - LOCAL NOTE (RLIN)
Local note ABS
650 ## - SUBJECT ADDED ENTRY--TOPICAL TERM
Topical term or geographic name entry element CHARTERED BUILDING SURVEYOR
650 ## - SUBJECT ADDED ENTRY--TOPICAL TERM
Topical term or geographic name entry element DISPUTES
650 ## - SUBJECT ADDED ENTRY--TOPICAL TERM
Topical term or geographic name entry element CAREERS, EDUCATION AND TRAINING
690 ## - LOCAL SUBJECT ADDED ENTRY--TOPICAL TERM (OCLC, RLIN)
Topical term or geographic name as entry element MANAGEMENT-DISPUTE AVOIDANCE, MANAGEMENT AND RESOLUTION-DISPUTE MANAGEMENT AND RESOLUTION-EXPERT WITNESSES
942 ## - ADDED ENTRY ELEMENTS (KOHA)
Suppress in OPAC 0
Holdings
Withdrawn status Lost status Source of classification or shelving scheme Damaged status Not for loan Home library Current library Shelving location Date acquired Total Checkouts Full call number Barcode Date last seen Copy number Price effective from Koha item type
    Dewey Decimal Classification     London London Journal article 17/03/2005   ABS68826 129086-1001 06/08/2019 1 06/08/2019 Journal article